| Tag |
First Indicator |
Second Indicator |
Subfields |
| LEADER |
00000cam a2200000I 4500 |
| 001 |
in00003537713 |
| 005 |
20151105224654.0 |
| 008 |
871014s1902 dcuab f001 0 eng d |
| 010 |
|
|
|a 04018105
|
| 029 |
1 |
|
|a ZWZ
|b 086835939
|
| 035 |
|
|
|a (OCoLC)ocm16850230
|
| 035 |
|
|
|a (OCoLC)16850230
|z (OCoLC)491773059
|
| 040 |
|
|
|a WEL
|b eng
|c WEL
|d WIP
|d OCLCQ
|d HLS
|d STF
|d ZWZ
|d OCLCQ
|d OCLCO
|d OCLCF
|d AUM
|d OCLCQ
|d OCL
|d TXA
|d UtOrBLW
|
| 043 |
|
|
|a n-us---
|
| 049 |
|
|
|a TXAM
|
| 050 |
0 |
0 |
|a HC101
|b .A3
|
| 082 |
0 |
4 |
|a 331
|b Un3l
|
| 110 |
1 |
|
|a United States.
|b Industrial Commission.
|
| 245 |
1 |
0 |
|a Final report of the Industrial commission /
|c Prepared in accordance with an act of Congress approved June 18, 1898 ...
|
| 264 |
|
1 |
|a Washington :
|b G.P.O.,
|c 1902.
|
| 300 |
|
|
|a xi, 1259 pages :
|b illustrations, maps ;
|c 24 cm.
|
| 336 |
|
|
|a text
|b txt
|2 rdacontent
|
| 337 |
|
|
|a unmediated
|b n
|2 rdamedia
|
| 338 |
|
|
|a volume
|b nc
|2 rdacarrier
|
| 490 |
1 |
|
|a Reports of the industrial commission on ... ;
|v 19
|
| 505 |
0 |
|
|a Progress of the nation.--Agriculture.--Mining.--Transportation.--Manufactures, trade, and commerce.--Industrial combinations.--Labor.--Immigration.--Taxation.--Irrigation.--Appendixes: I. Volume of production. II. Gold absorption during currency changes. III. Prices. IV. Exports, by countries. V. Exports, by customs districts. VI. Statistics of industrial combinations. VII. Proposed amendments to anti-trust act. VIII British factory and workshop act, 1901.--List and contents of Reports of the commission.--List of witnesses before the commission.--General index of volumes I-XVIII.--Index of volume XIX.
|
| 500 |
|
|
|a Includes index.
|
| 650 |
|
0 |
|a Industries
|z United States.
|
| 651 |
|
0 |
|a United States
|x Economic conditions.
|
| 650 |
|
7 |
|a Industries.
|2 fast
|0 (OCoLC)fst00971852
|
| 650 |
|
7 |
|a Economic history.
|2 fast
|0 (OCoLC)fst00901974
|
| 651 |
|
7 |
|a United States.
|2 fast
|0 (OCoLC)fst01204155
|
| 830 |
|
0 |
|a Reports of the industrial commission on ... ;
|v 19.
|
| 994 |
|
|
|a C0
|b TXA
|
| 948 |
|
|
|a cataloged
|b h
|c 2015/7/14
|d c
|e scecil
|f 11:17:51 am
|
| 999 |
|
|
|a MARS
|
| 999 |
f |
f |
|s 4e64433f-ac8d-3fee-8b01-61c0e39d1ef8
|i 6c951ff9-6a40-3af4-9046-9ebeb8f553cc
|t 0
|
| 952 |
f |
f |
|p noncirc
|a Texas A&M University
|b College Station
|c Sterling C. Evans Library
|d Evans: US Documents (Annex 5th floor)
|t 0
|e Y 3.LN 2/2:R 29/19
|h Superintendent of Documents classification
|i unmediated -- volume
|m A14832378177
|
| 998 |
f |
f |
|a Y 3.LN 2/2:R 29/19
|t 0
|l Evans: US Documents (Annex 5th floor)
|